000 00817nam a2200217 a 4500
001 BRCA_7073
005 20190321142934.0
008 071211s1929----pl-#######---#000-0#ger-#
041 _ager
044 _apl
050 4 _b.S38 1929
100 1 _aSchubert, Jos.
_917588
245 1 0 _aWitzapotheke
_beröffnet mit einem reichen Heilmittel Shake zur Gesundung von Verstimmung, Änger und Verdruss und zur Erheiterung geselliger Kreise 100 dezenter und alphabetisch geordneter Anekdoten, Schnurren und Witze
_cgesammelt von Lachdoktor Jos. Schubert
260 _aBreslau
_bS. P. Aderholz´ Buchhandlung
_c1929
300 _a2 v.
_c18 cm.
500 _aEl v.1. tiene números inscritos por Franz Mayer en la cubierta
500 _aO42
650 1 4 _aHumor e ingenio alemán
_917589
902 _aGFM
942 _2lcc
_cB
999 _c6754
_d6754